A kecskeméti Auchan HR tevékenységének elemző bemutatása

Bibliographic Details
Main Author: Benedekné Móca Krisztina
Other Authors: Kasza Lajos
Format: Project work
Kulcsszavak:Emberi erőforrás menedzsment
Auchan
Kecskemét
HR
Toborzás és kiválasztás
Online Access:http://dolgozattar.uni-bge.hu/16968

MARC

LEADER 00000nnm a2200000 i 4500
001 dolg16968
005 20180913142332.0
008 180516suuuu hu o 000 hun d
040 |a BGE Dolgozattár Repozitórium  |b hun 
041 |a hu 
100 1 |a Benedekné Móca Krisztina 
245 1 2 |a A kecskeméti Auchan HR tevékenységének elemző bemutatása  |c Benedekné Móca Krisztina  |h [elektronikus dokumentum] 
246 1 1 |a A kecskeméti Auchan HR tevékenységének elemző bemutatása 
516 |a Project_work 
695 |a Emberi erőforrás menedzsment 
695 |a Auchan 
695 |a Kecskemét 
695 |a HR 
695 |a Toborzás és kiválasztás 
700 1 |a Kasza Lajos  |e ths 
856 4 0 |u http://dolgozattar.uni-bge.hu/16968/1/Benedekn%C3%A9%20M%C3%B3ca%20Krisztina%20RL42Es.pdf  |z Dokumentum-elérés